00768nam a22001815i 4500001000700000003000900007005001700016008004100033040001300074100005400087245008200141260004900223300002000272596008800292852006300380999001900443952012400462166193ES-MaACL20250702063124.0940301m18541855gw |||| | eng d aAS bspa1 aThackeray, William Makepeace, d1811-1863910985814aThe new comes b: memoirs of a most respectable family / cby W.M. Thackeray. aLeipzig : bBernhard Tauchnitz, c1854-1855. a4 v. ; c16 cm. aEn las anteport. de los tomos II, III y IV figuran como fechas de reimp. 1918-1920. aES-MaACLjG-12013-14 z-- Enc. hol. z-- Enc. 4 t. en 2 v. c166193d166193 001040708LIBXIXaATENEOMbATENEOMcSPP3d2008-01-17l0oG-12013-14p1174292r2023-02-23 00:00:00w2023-02-23yMONANT